| 000 | 01438pam a2200373 a 4500 | ||
|---|---|---|---|
| 001 | BK0010102155 | ||
| 003 | DLC | ||
| 005 | 20241220132523.0 | ||
| 008 | 110210s2012 nyu c 000 1 eng | ||
| 010 | _a2011003015 | ||
| 020 |
_a9780375866562 : HRD _c$17.99 |
||
| 020 |
_a0375866566 : HRD _c$17.99 |
||
| 037 |
_bRandom House Childrens Books, Attn Order Entry 400 Hahn rd, Westminister, MD, USA, 21157 _nSAN 201-3975 |
||
| 040 |
_aDLC _cDLC _dNjBwBT |
||
| 050 | 0 | 0 |
_aPZ7.H26736 _bSe 2012 |
| 082 | 0 | 0 |
_a[Fic] _222 |
| 092 | _aFIC | ||
| 092 | _aHARTMAN | ||
| 100 | 1 |
_aHartman, Rachel. _96236618 |
|
| 245 | 1 | 0 |
_aSeraphina / _cRachel Hartman. |
| 250 | _a1st U.S. ed. | ||
| 260 |
_aNew York : _bRandom House, _cc2012. |
||
| 300 |
_a465 p. ; _c22 cm. |
||
| 520 | _aIn a world where dragons and humans coexist in an uneasy truce and dragons can assume human form, Seraphina, whose mother died giving birth to her, grapples with her own identity amid magical secrets and royal scandals, while she struggles to accept and develop her extraordinary musical talents. | ||
| 650 | 1 |
_aIdentity _vFiction. _95673896 |
|
| 650 | 1 |
_aSelf-actualization (Psychology) _vFiction. _95679125 |
|
| 650 | 1 |
_aDragons _vFiction. _95673926 |
|
| 650 | 1 |
_aSecrets _vFiction. _95673929 |
|
| 650 | 1 |
_aMusic _vFiction. _95704228 |
|
| 650 | 1 |
_aCourts and courtiers _vFiction. _95673858 |
|
| 650 | 1 |
_aFantasy. _96236619 |
|
| 942 |
_cBOOK _0101 |
||
| 998 | _aa152639 | ||
| 999 |
_c85089 _d85089 |
||